Ilustración de vanguardia.

Na minha lista:
Detalhes bibliográficos
Autor principal: Minguet Cámara, Eva (autora)
Formato: Livro
Idioma:espanhol
Publicado em: Barcelona, España: Instituto Monsa de ediciones, 2008.
Assuntos:
Tags: Adicionar Tag
Sem tags, seja o primeiro a adicionar uma tag!

MARC

LEADER 00000nam a22000007a 4500
003 CL-VaPUC
005 20250407202437.0
008 250306t2008 ||||| |||| 00| 0 spa d
999 |c 447136  |d 447134 
020 |a 978-84-96823-31-0 
040 |c Pontificia Universidad Católica de Valparaíso 
082 |2 22  |a 741.6 MIN 2008 
100 |9 895125  |a Minguet Cámara, Eva  |e autora 
245 |a Ilustración de vanguardia. 
260 |a Barcelona, España:  |b Instituto Monsa de ediciones,  |c 2008. 
300 |a 223 páginas:  |b ilustraciones. 
500 |a c.1-2: Instituto Arcos. 08-01-2025 
583 |c 20250306  |k Yessy Sthefany Diaz Vidal 
650 0 |9 896048  |a Ilustradores  |v Compilación artística  |y Siglo 21 
650 0 |9 313124  |a Ilustración   |x Autores internacionales  |y Siglo 21 
942 |2 ddc  |c BK  |n 0 
952 |0 0  |1 0  |2 ddc  |4 0  |6 741_600000000000000_MIN_2008  |7 0  |8 A  |9 600681  |a BIBINC  |b BIBINC  |d 2025-03-06  |e Instituto Arcos  |i 5665461  |l 3  |o 741.6 MIN 2008  |p 5665461  |r 2025-04-17  |s 2025-04-17  |t 1  |w 2025-03-06  |y BK  |k IFP 
952 |0 0  |1 0  |2 ddc  |4 0  |6 741_600000000000000_MIN_2008  |7 0  |8 A  |9 600682  |a BIBINC  |b BIBINC  |d 2025-03-06  |e Instituto Arcos  |i 5665462  |l 1  |o 741.6 MIN 2008  |p 5665462  |r 2025-04-17  |s 2025-04-17  |t 2  |w 2025-03-06  |y BK  |k IFP